[Event "Niedersachsen-ch"]
[Site "Verden"]
[Date "2008.01.05"]
[Round "6"]
[White "Kimmich, Bernd"]
[Black "Elborg, Cornelia"]
[Result "0-1"]
[WhiteElo "1814"]
[BlackElo "1580"]
[PlyCount "42"]
[EventDate "2008.01.03"]
[EventType "swiss"]
[EventRounds "7"]
[EventCountry "GER"]
[SourceTitle "EXT 2010"]
[Source "ChessBase"]
[SourceDate "2010.11.25"]
[SourceVersion "1"]
[SourceVersionDate "2010.11.25"]
[SourceQuality "1"]

1. d4 d5 2. c4 dxc4 3. Nf3 Bf5 4. Nc3 e6 5. e4 Bg4 6. Bxc4 Bb4 7. Qa4+ Nc6 8. Ne5 Qxd4 9. Qxb4 Nxb4 10. Bb5+ c6 11. Nxg4 Nc2+ 12. Ke2 Nxa1 13. Be3 Qb4 14. Rxa1 Qxb2+ 15. Kf3 Qxa1 16. Bd4 cxb5 17. Nxb5 Qc1 18. Bxg7 Qc6 19. Nd4 Qc3+ 20. Kf4 0-0-0 21. Nxe6 Qd2+ 0-1

[Event "Niedersachsen-ch"]
[Site "Verden"]
[Date "2008.01.04"]
[Round "3"]
[White "Paetzold, Julius"]
[Black "Kimmich, Bernd"]
[Result "1-0"]
[WhiteElo "1426"]
[BlackElo "1814"]
[PlyCount "104"]
[EventDate "2008.01.03"]
[EventType "swiss"]
[EventRounds "7"]
[EventCountry "GER"]
[SourceTitle "EXT 2010"]
[Source "ChessBase"]
[SourceDate "2010.11.25"]
[SourceVersion "1"]
[SourceVersionDate "2010.11.25"]
[SourceQuality "1"]

1. Nc3 d5 2. e4 dxe4 3. Nxe4 Qd5 4. Nc3 Qa5 5. d4 c6 6. Nf3 Nf6 7. Bd3 Bg4 8. h3 Bh5 9. 0-0 Nbd7 10. Bd2 Qc7 11. Bg5 e6 12. Ne4 0-0-0 13. Ng3 Bg6 14. Qd2 Bxd3 15. Qxd3 h6 16. Be3 Bd6 17. Ne4 Nxe4 18. Qxe4 Nf6 19. Qd3 g5 20. Nd2 Bf4 21. Ne4 Nh5 22. g3 Bxe3 23. Qxe3 Kb8 24. c3 f5 25. Nc5 f4 26. Qf3 Ng7 27. Qg4 Rdg8 28. Rae1 h5 29. Qf3 Rh6 30. Re5 Rg6 31. Kh2 Nf5 32. Nxe6 Rxe6 33. Rxe6 fxg3+ 34. fxg3 h4 35. Re5 hxg3+ 36. Kg1 g2 37. Rf2 Nd6 38. Kxg2 Qd7 39. Qg4 Qh7 40. Rxg5 Rxg5 41. Qxg5 Qe4+ 42. Kh2 Kc7 43. Qe5 Qg6 44. Rg2 Qh6 45. Qg7+ Qxg7 46. Rxg7+ Kb6 47. h4 a5 48. h5 Nf5 49. Rg5 Nh6 50. Rg6 Nf5 51. h6 Nh4 52. Rg7 Nf5 1-0

[Event "Niedersachsen-ch"]
[Site "Verden"]
[Date "2008.01.03"]
[Round "2"]
[White "Kimmich, Bernd"]
[Black "Gawollek, Hans"]
[Result "1-0"]
[WhiteElo "1814"]
[BlackElo "1304"]
[PlyCount "133"]
[EventDate "2008.01.03"]
[EventType "swiss"]
[EventRounds "7"]
[EventCountry "GER"]
[SourceTitle "EXT 2010"]
[Source "ChessBase"]
[SourceDate "2010.11.25"]
[SourceVersion "1"]
[SourceVersionDate "2010.11.25"]
[SourceQuality "1"]

1. d4 d5 2. c4 dxc4 3. Nf3 e6 4. e3 b6 5. Bxc4 Bb7 6. Nc3 Nf6 7. 0-0 Bd6 8. Qe2 0-0 9. e4 Be7 10. Bf4 c5 11. Rfd1 cxd4 12. Rxd4 Qe8 13. Nb5 Bc5 14. Nc7 Qc8 15. Rad1 Bxd4 16. Rxd4 Nc6 17. Rd1 Ne8 18. Nxa8 Qxa8 19. e5 Na5 20. Bd3 Bd5 21. Ne1 Nc6 22. a3 Ne7 23. Bd2 Nc6 24. Bc3 h6 25. Bc2 Qb7 26. b4 f5 27. exf6 Nxf6 28. f3 Qf7 29. Qd3 e5 30. Qg6 Qxg6 31. Bxg6 b5 32. Nd3 e4 33. Nf4 Ne7 34. Bxf6 Rxf6 35. Nxd5 Nxd5 36. Bxe4 Nc3 37. Rd8+ Rf8 38. Bh7+ Kf7 39. Bg6+ Ke7 40. Rxf8 Kxf8 41. Kf2 Nd5 42. Be4 Nb6 43. Bd3 a6 44. Ke3 Ke7 45. Kd4 Kd6 46. h4 Nd5 47. g3 Nf6 48. Be4 Ne8 49. Bb7 Nc7 50. Ke4 Ke6 51. f4 g6 52. g4 Kf6 53. Bc8 Ke7 54. Ke5 Kd8 55. Bb7 Ke7 56. f5 g5 57. hxg5 hxg5 58. f6+ Kf7 59. Kf5 Ne8 60. Bd5+ Kf8 61. Kxg5 Nd6 62. Kf4 Nc4 63. Bxc4 bxc4 64. Ke4 c3 65. Kd3 c2 66. Kxc2 Kf7 67. g5 1-0